Cryptic Hint & Chronogram - Events - Statistics

General Stats
  • This quiz has been taken 191 times
  • The average score is 8 of 15
Answer Stats
Chronogram Year Event % Correct
a boy of hIgh bIrth (paternal sIde) Is born. 4 Jesu birth
79%
Leo CrowneD CharLes. 800 Crowning of Charlemagne
75%
franCe CouLDn't forgiVe him, so he MoVed oVer to heLena. 1815 Napoleon's defeat at Waterloo
70%
this guy MaDe use of a Chinese inVention. 1605 Gunpowder Plot
62%
pennsyLVanIa, deLaware anD eLeVen others signeD this DeCisiVe teXt. 1776 Declaration of Independence
57%
hoMInides spot a Monolith. 2001 "2001: A Space Odyssey"
50%
henCeforth e = M×C×C, and spaCetime is relatiVizeD. 1905 Annus Mirabilis of Einstein
49%
after beIng eXposeD to hIgh aCCeLeratIon he CIrCuMnaVigated and set foot. 1969 First manned moon landing
43%
a CIty Is born anD CalLs for eternIty. 753 Founding of Rome
43%
fItzgeraLD and D. by harVey, harVey by Leon, who Later by CanCer Is kILLeD. 1963 Kennedy Assassination and aftermath
40%
eXasperated were the cItIzens by hIs gaIns from the fLames. 64 Great Fire of Rome
40%
haVe you eVer giVen thought to the IMpact a single ship can haVe on econoMy? 2021 Suez Canal obstruction
38%
deuX + deuX + dIX en juILLet Dans la VILLe LuMIère 1789 Storming of the Bastille
37%
VeXeD by relIgIous authorItIes they saILeD 66 Days Long. 1620 Mayflower reaches America
36%
wInston LIVes In a Country that Is Larger than XerXes', where mInItrue fInds It DoubLepLusungooD that he Can't DoubLethInk. 1984 "1984"
34%
No matching quizzes found
Score Distribution
Percent of People with Each Score
Percentile by Number Answered
Your Score History
You have not taken this quiz